|
|
|
|
| LEADER |
00000cam a2200000 a 4500 |
| 001 |
1/124205 |
| 008 |
220120s2020####cy | ||| |||| ||gre|| |
| 020 |
|
|
|a 9789963893492 (χαρτόδ.)
|q (χαρτόδετο)
|
| 040 |
|
|
|a GR-MyUa
|b gre
|c GR-MyUa
|e AACR2
|
| 041 |
0 |
|
|b gre
|
| 082 |
7 |
|
|a 889.14
|2 (23)
|
| 100 |
1 |
|
|a Μαυρής, Χρήστος,
|d 1954-
|
| 245 |
1 |
0 |
|a Δώρος Λοϊζου ο Μεγάλος Ελεύθερος:
|b μια κριτική ανάγνωση της ποίησης του /
|c Χρήστος Μαυρής.
|
| 260 |
|
|
|a Λευκωσία:
|b [χ.ό.],
|c 2020.
|
| 300 |
|
|
|a 85 σ. ;
|c 21 εκ.
|
| 650 |
|
0 |
|a Poets, Greek
|x Criticism and interpretation.
|
| 600 |
1 |
4 |
|a Λοϊζου, Δώρος
|d 1944-
|
| 650 |
|
0 |
|a Greek literature, Modern
|z Cyprus.
|
| 650 |
|
0 |
|a Cyprus poetry.
|
| 970 |
|
|
|a Σιδερή
|b Νεκταρία
|z 2022-01-20
|